Mecánica de suelos

Guardat en:
Dades bibliogràfiques
Autor principal: Juárez Badillo, Eulalio
Altres autors: Rico Rodríguez, Alfonso
Format: Llibre
Publicat: México : Limusa, 1997
Edició:3
Etiquetes: Afegir etiqueta
Sense etiquetes, Sigues el primer a etiquetar aquest registre!

MARC

LEADER 00000nam a2200000Ia 4500
003 000174
005 20221231144013.0
008 140114s1997 m a 000 ||s d
040 |c cru CEDI 
082 |a 624.151 J91m3 
100 |a Juárez Badillo, Eulalio  |9 18926 
245 |a Mecánica de suelos  
250 |a 3 
260 |a  México : Limusa,   |c 1997 
300 |a  volúmenes : ilustraciones ; 23 cm  
500 |a Contenido: v.1. Fundmanetos de la mecánica de suelos  
700 |9 18927  |a Rico Rodríguez, Alfonso  
942 |2 ddc  |c BK 
999 |c 15468  |d 15468